000 00867nam a2200253 i 4500
001 13605
003 ES-MaACL
005 20230906150623.0
007 t|
008 881128s1986 sp ||||0| spa j ..|
015 _a1988-DIC-22519
016 7 _zSAB9000034765
020 _a84-7075-352-5
040 _aM-BN-DP
_bspa
_cM-BN-DP
080 _a017.1(464.1 M.)
080 _a016:860-2"18"
110 2 _aFundación Juan March.
_bBiblioteca.
_94348
245 1 0 _aCatálogo de obras de teatro español del siglo XIX /
_cFundación Juan March, Biblioteca de Teatro Español Contemporáneo.
260 _aMadrid :
_bFundación Juan March,
_cD.L. 1986.
300 _a234 p. ;
_c21 cm.
610 2 _aFundación Juan March.
_bBiblioteca-
_vCatálogos.
_94349
650 4 _aTeatro español-
_yS.XIX-
_vBibliografías.
_917347
852 _aES-MaACL
_jL-20919
_bR.113120
999 _c13605
_d13605